000 01797cam a2200193 4500500
005 20251228095248.0
041 _afre
042 _adc
100 1 0 _aButler, Judith
_eauthor
700 1 0 _aFassin, Éric
_eauthor
700 1 0 _aScott, Joan Wallach
_eauthor
245 0 0 _aÉliane Viennot, La France, les femmes et le pouvoir. L’invention de la loi salique (Ve-XVIe siècles), Paris, Perrin, 2006, 764 p.
260 _c2007.
500 _a90
520 _aRésuméÀ partir d’une enquête ethnographique dans deux luttes de chômeurs et chômeuses en Bretagne en 1997-1998, cet article analyse les modes de perception de la domination masculine repérée dans les mobilisations observées. Celles-ci apparaissent comme des processus qui contribuent à fabriquer la sexuation du social mais aussi un rapport à cette sexuation, en fonction de la dimension collective de la lutte. L’article revient aussi sur la constitution, dans un mouvement social non féministe, d’un « sujet social femmes » (Danièle Kergoat).
520 _aStarting from an ethnographic investigation in two fights of unemployed persons in Brittany in 1997-1998, this article analyzes the modes of perception of the male domination located in the mobilizations observed. Those appear as processes which contribute to manufacture not only the sexuation of social order but also a relation to this sexuation, according to collective dimension of the fight. The article also reconsiders the constitution, in a nonfeminist social movement, of a “social subject women” (Danièle Kergoat).
786 0 _nSociétés & Représentations | 24 | 2 | 2007-11-01 | p. 307e-320e | 1262-2966
856 4 1 _uhttps://shs.cairn.info/revue-societes-et-representations-2007-2-page-307e?lang=fr&redirect-ssocas=7080
999 _c1606027
_d1606027